书目信息 |
| 题名: |
MP3播放机电路图集
|
|
| 作者: | 王文林 编著 | |
| 分册: | ||
| 出版信息: | 北京 新时代出版社 2005.01 |
|
| 页数: | 153页 | |
| 开本: | 29×40cm | |
| 丛书名: | 新编学一门手艺丛书 | |
| 单 册: | ||
| 中图分类: | TN912.230.31-64 | |
| 科图分类: | ||
| 主题词: | 音频设备--电路图--图集 | |
| 电子资源: | ||
| ISBN: | 7-5042-0891-4 | |
| 000 | 00809nam 2200253 450 | |
| 001 | 0152860790 | |
| 005 | 20050506163855.34 | |
| 010 | @a7-5042-0891-4@d36.00CNY | |
| 100 | @a20050321d2005 km y0chiy0120 ea | |
| 101 | 0 | @achi |
| 102 | @aCN@b110000 | |
| 105 | @aa z 000yy | |
| 106 | @ad | |
| 200 | 1 | @aMP3播放机电路图集@AMP3 bo fang ji dian lu tu ji@f王文林编著@Fwang wen lin bian zhu |
| 210 | @a北京@c新时代出版社@d2005.01 | |
| 215 | @a153页@c图@d29×40cm | |
| 225 | 2 | @a新编学一门手艺丛书 |
| 330 | @a本书汇总国内外主要的FLASH MP3播放机的电路原理图,包括华邦、飞利浦等方案。 | |
| 410 | 0 | @12001 @a新编学一门手艺丛书 |
| 606 | 0 | @a音频设备@x电路图@x图集 |
| 690 | @aTN912.230.31-64@v4 | |
| 701 | 0 | @a王文林@Awang wen lin@4编著 |
| 801 | 0 | @aCN@bQSSK@c20050506 |
| 905 | @a10447@dTN912.230.31-64@eW373 | |
| MP3播放机电路图集/王文林编著.-北京:新时代出版社,2005.01 |
| 153页:图;29×40cm.-(新编学一门手艺丛书) |
| ISBN 7-5042-0891-4:36.00CNY |
| 本书汇总国内外主要的FLASH MP3播放机的电路原理图,包括华邦、飞利浦等方案。 |
| ● |
| 相关链接 |
|
|
|
正题名:MP3播放机电路图集
索取号:TN912.230.31-64/W373
 
预约/预借
| 序号 | 登录号 | 条形码 | 馆藏地/架位号 | 状态 | 备注 |
| 1 | 498941 | 204989414 | 自科库301/301自科库 37排2列1层/ [索取号:TN912.230.31-64/W373] | 在馆 | |
| 2 | 498942 | 204989423 | 自科库301/301自科库 37排2列1层/ [索取号:TN912.230.31-64/W373] | 在馆 |